Statistiche per Ricostruisci la Carriera del Calciatore - Wojciech Szczęsny

Clicka qui per fare il quiz!

Statistiche generali

  • Questo quiz è stato fatto 2 volte
  • Il punteggio medio è 3 su 5

Statistiche sulle risposte

HintRisposta% Corretto
2015-2017Roma
100%
2010-2015 Arsenal
50%
2009-2010Brentford
50%
2017- Juventus
50%
2009 Arsenal
0%

Distribuzione punteggi

Percentile per numero di risposta

Percentuale di utenti per punteggio

I tuoi punteggi nel tempo

Non hai fatto questo quiz